[Event "Bucharest Grand Prix"]
[Site "Bucharest"]
[Date "2023.04.29"]
[Round "1"]
[White "Harikrishna, Pentala"]
[Black "Lup, Constantin Ionel"]
[Result "1-0"]
[WhiteElo "2704"]
[BlackElo "1845"]
[PlyCount "49"]
[EventDate "2023.04.29"]
[EventType "swiss (rapid)"]
[EventRounds "10"]
[EventCountry "ROU"]
[SourceTitle "CBM 213 Extra"]
[Source "ChessBase"]
[SourceDate "2023.05.31"]
[SourceVersion "1"]
[SourceVersionDate "2023.05.31"]
[SourceQuality "1"]

1. e4 c5 2. Nf3 g6 3. c3 Bg7 4. d4 cxd4 5. cxd4 d5 6. e5 a6 7. h3 Nc6 8. Nc3 f6 9. Bd3 e6 10. exf6 Nxf6 11. 0-0 0-0 12. Re1 b5 13. Be3 Bd7 14. Rc1 Rc8 15. Qd2 Re8 16. Bh6 Qb6 17. Bxg7 Kxg7 18. Ne2 Na5 19. b3 Nb7 20. Ne5 Nd6 21. Qg5 Nf7 22. Qxf6+ Kxf6 23. Nxd7+ Ke7 24. Nxb6 Rb8 25. Rc7+ 1-0

[Event "EU-ch U12"]
[Site "Bratislava"]
[Date "2019.08.10"]
[Round "9"]
[White "Zakarian, Dimitrios Levon"]
[Black "Lup, Constantin Ionel"]
[Result "0-1"]
[WhiteElo "1580"]
[BlackElo "1739"]
[PlyCount "110"]
[EventDate "2019.08.02"]
[EventType "swiss"]
[EventRounds "9"]
[EventCountry "SVK"]
[SourceTitle "EXT 2020"]
[Source "ChessBase"]
[SourceDate "2019.10.17"]
[SourceVersion "1"]
[SourceVersionDate "2019.10.17"]
[SourceQuality "1"]

1. d4 g6 2. Nf3 Bg7 3. c4 d6 4. g3 Nd7 5. Bg2 e5 6. Nc3 exd4 7. Nxd4 Ne7 8. 0-0 0-0 9. e4 Nc6 10. Nxc6 bxc6 11. h3 Ne5 12. Qe2 Ba6 13. b3 Nxc4 14. Qd3 Qf6 15. bxc4 Qxc3 16. Qxc3 Bxc3 17. Bh6 Bxa1 18. Bxf8 Bxc4 19. Rxa1 Kxf8 20. a3 Rb8 21. Rc1 d5 22. Rd1 Rb5 23. Bf1 Bxf1 24. Kxf1 Ke7 25. Rc1 Kd7 26. Rd1 Kd6 27. Rd3 Ke5 28. Rc3 Kd6 29. Rd3 a5 30. Ke2 Rb2+ 31. Kf1 Ke5 32. Rc3 d4 33. Rxc6 d3 34. Rxc7 Rb1+ 35. Kg2 d2 36. f4+ Kd6 37. Rc8 d1Q 38. Rd8+ Ke7 39. Rxd1 Rxd1 40. f5 gxf5 41. exf5 Rd3 42. f6+ Kxf6 43. a4 Ra3 44. h4 Rxa4 45. Kh3 Rxh4+ 46. Kxh4 a4 47. g4 a3 48. g5+ Kg6 49. Kg4 a2 50. Kf4 a1Q 51. Ke4 f5+ 52. gxf6 Kxf6 53. Kf3 Qd4 54. Kg2 Qe3 55. Kh1 Qe2 0-1

[Event "ROM-ch U12"]
[Site "Calimanesti Caciulata"]
[Date "2019.04.20"]
[Round "7"]
[White "Lup, Constantin Ionel"]
[Black "Craciun, Sasha Matei"]
[Result "1-0"]
[WhiteElo "1636"]
[BlackElo "1433"]
[PlyCount "87"]
[EventDate "2019.04.15"]
[EventType "swiss"]
[EventRounds "9"]
[EventCountry "ROU"]
[SourceTitle "CBM 190 Extra"]
[Source "ChessBase"]
[SourceDate "2019.07.15"]
[SourceVersion "1"]
[SourceVersionDate "2019.07.15"]
[SourceQuality "1"]

1. d4 g6 2. g3 Bg7 3. Bg2 d6 4. e4 Nf6 5. Ne2 0-0 6. 0-0 Nbd7 7. c4 e5 8. Nbc3 Re8 9. d5 b6 10. h3 h6 11. Be3 Kh7 12. b4 Qe7 13. Qb3 Nf8 14. Rac1 Bd7 15. Nd1 a5 16. a3 axb4 17. axb4 Ba4 18. Qb2 Bxd1 19. Rfxd1 N6d7 20. Ra1 Reb8 21. Rxa8 Rxa8 22. Ra1 Qd8 23. Ra3 Qc8 24. Qa2 Rxa3 25. Qxa3 Qb7 26. Qa4 h5 27. Nc3 Bh6 28. Bxh6 Kxh6 29. Nb5 Nb8 30. Qa7 Qxa7 31. Nxa7 Na6 32. Nc6 g5 33. Bf1 Nd7 34. c5 Nab8 35. Nxb8 Nxb8 36. c6 h4 37. b5 Kg6 38. gxh4 gxh4 39. Kg2 Kg5 40. Kf3 f5 41. exf5 Kxf5 42. Bd3+ Kg5 43. Ke4 Kf6 44. f4 1-0

[Event "ROM-ch U12"]
[Site "Calimanesti Caciulata"]
[Date "2019.04.17"]
[Round "4"]
[White "Nastore, Pavel Alexandru"]
[Black "Lup, Constantin Ionel"]
[Result "0-1"]
[WhiteElo "1970"]
[BlackElo "1636"]
[PlyCount "102"]
[EventDate "2019.04.15"]
[EventType "swiss"]
[EventRounds "9"]
[EventCountry "ROU"]
[SourceTitle "CBM 190 Extra"]
[Source "ChessBase"]
[SourceDate "2019.07.15"]
[SourceVersion "1"]
[SourceVersionDate "2019.07.15"]
[SourceQuality "1"]

1. e4 c5 2. Nf3 Nc6 3. d4 cxd4 4. Nxd4 g6 5. c4 Nf6 6. Nc3 d6 7. Be2 Nxd4 8. Qxd4 Bg7 9. Be3 0-0 10. Qd2 a5 11. 0-0 a4 12. Rac1 Be6 13. f3 Qa5 14. b3 axb3 15. axb3 Rfc8 16. Na4 Qxd2 17. Bxd2 Nd7 18. Be3 Rc7 19. Rfd1 Rac8 20. Rb1 Ra8 21. Rdc1 Rac8 22. Kf2 f5 23. Nc3 Bxc3 24. Rxc3 b5 25. Rbc1 fxe4 26. fxe4 bxc4 27. Bxc4 Bxc4 28. Rxc4 Rxc4 29. bxc4 Ne5 30. Ke2 Rxc4 31. Rxc4 Nxc4 32. Bd4 Kf7 33. Kd3 Na5 34. Bb6 Nb7 35. Kd4 Ke6 36. Ba7 Nc5 37. e5 Nb3+ 38. Kc3 Na5 39. exd6 exd6 40. Be3 Nc6 41. Kd3 d5 42. h3 Ke5 43. Bd2 d4 44. Be1 Kd5 45. Bd2 Ne5+ 46. Ke2 Ke4 47. Bh6 Nc4 48. g4 d3+ 49. Kd1 Kf3 50. g5 Ke3 51. Bg7 d2 0-1

[Event "EU-ch U10 27th"]
[Site "Mamaia"]
[Date "2017.09.05"]
[Round "1"]
[White "Lup, Constantin Ionel"]
[Black "Herega, Nejc"]
[Result "1-0"]
[WhiteElo "1354"]
[BlackElo "1728"]
[PlyCount "79"]
[EventDate "2017.09.05"]
[EventType "swiss"]
[EventRounds "9"]
[EventCountry "ROU"]
[SourceTitle "CBM 180 Extra"]
[Source "ChessBase"]
[SourceDate "2017.10.06"]
[SourceVersion "1"]
[SourceVersionDate "2017.10.06"]
[SourceQuality "1"]

1. d4 Nf6 2. Nf3 c5 3. c4 g6 4. g3 Bg7 5. Nc3 cxd4 6. Nxd4 0-0 7. Bg2 Nc6 8. 0-0 Qb6 9. e3 d6 10. b3 Bd7 11. Bb2 Ne5 12. Ndb5 a6 13. Na4 Qd8 14. Bxb7 axb5 15. Bxa8 Qxa8 16. Nb6 Nf3+ 17. Kh1 Qe4 18. Nxd7 Nxd7 19. Bxg7 Kxg7 20. cxb5 Nde5 21. Qb1 Nd2+ 22. Qxe4 Nxe4 23. Kg2 Rb8 24. f3 Nc5 25. a4 Nxb3 26. Ra2 Nc4 27. Kf2 Nc5 28. Ke2 Ra8 29. Rfa1 Ra5 30. e4 Nb6 31. Ke3 Rxa4 32. Rxa4 Ncxa4 33. Kd4 e5+ 34. Kd3 Kf6 35. Kc2 Ke6 36. Kb3 Kd7 37. Rxa4 Nxa4 38. Kxa4 Kc7 39. Kb4 f5 40. Kc4 1-0

[Event "ROM-ch U10"]
[Site "Baile Felix"]
[Date "2017.02.08"]
[Round "8"]
[White "Lup, Constantin Ionel"]
[Black "Ciocani, Iosif"]
[Result "1/2-1/2"]
[WhiteElo "1210"]
[BlackElo "1226"]
[PlyCount "57"]
[EventDate "2017.02.02"]
[EventType "swiss"]
[EventRounds "9"]
[EventCountry "ROU"]
[SourceTitle "CBM 176 Extra"]
[Source "ChessBase"]
[SourceDate "2017.03.02"]
[SourceVersion "1"]
[SourceVersionDate "2017.03.02"]
[SourceQuality "1"]

1. c4 e5 2. g3 Nc6 3. Bg2 Nf6 4. a3 d6 5. Nc3 Be6 6. d3 d5 7. cxd5 Nxd5 8. Nf3 Be7 9. 0-0 0-0 10. d4 exd4 11. Nxd4 Nxd4 12. Qxd4 c6 13. Bf4 Bf6 14. Be5 Bxe5 15. Qxe5 Nxc3 16. Qxc3 Qe7 17. Rad1 Rad8 18. e3 Rd6 19. Rd4 Rfd8 20. Rfd1 Qc7 21. Qb4 Rxd4 22. Rxd4 Rxd4 23. Qxd4 a6 24. b4 h6 25. f4 Qd7 26. Qxd7 Bxd7 27. Kf2 f5 28. Ke2 Kf7 29. Kd3 1/2-1/2